African history through sources / (Record no. 21766)

MARC details
000 -LEADER
fixed length control field 01291cam a2200325 i 4500
001 - CONTROL NUMBER
control field 17967791
003 - CONTROL NUMBER IDENTIFIER
control field EG-ScBUE
005 - DATE AND TIME OF LATEST TRANSACTION
control field 20240610101024.0
008 - FIXED-LENGTH DATA ELEMENTS--GENERAL INFORMATION
fixed length control field 131209s2014 nyua f b f001 0 eng d
020 ## - INTERNATIONAL STANDARD BOOK NUMBER
International Standard Book Number 9781107679252
040 ## - CATALOGING SOURCE
Original cataloging agency IEN/DLC
Language of cataloging eng
Description conventions rda
Transcribing agency IEN
Modifying agency DLC
-- EG-ScBUE
043 ## - GEOGRAPHIC AREA CODE
Geographic area code fb-----
082 04 - DEWEY DECIMAL CLASSIFICATION NUMBER
Classification number 967.031
Edition number 22
Item number JAC
100 1# - MAIN ENTRY--PERSONAL NAME
Personal name Jacobs, Nancy Joy‏,
Relator term author.
245 10 - TITLE STATEMENT
Title African history through sources /
Statement of responsibility, etc Nancy J. Jacobs, Brown University, Rhode Island.
264 #1 - PUBLICATION, DISTRIBUTION, ETC. (IMPRINT)
Place of publication, distribution, etc New York :
Name of publisher, distributor, etc Cambridge University Press,
Date of publication, distribution, etc 2014.
300 ## - PHYSICAL DESCRIPTION
Extent xv, 328 pages :
Other physical details illustrations ;
Dimensions 24 cm
336 ## - CONTENT TYPE
Source rdacontent
Content type term text
Content type code txt
337 ## - MEDIA TYPE
Media type term unmediated
Source rdamedia
Media type code n
338 ## - CARRIER TYPE
Carrier type term volume
Carrier type code nc
Source rdacarrier
504 ## - BIBLIOGRAPHY, ETC. NOTE
Bibliography, etc Includes bibliographical references and index.<br/>
505 1# - FORMATTED CONTENTS NOTE
Formatted contents note Volume 1. Colonial contexts and everyday experiences, c. 1850-1946.
520 ## - SUMMARY, ETC.
Summary, etc A collection of primary source documents on sub-Saharan Africa during the colonial period.
651 #7 - SUBJECT ADDED ENTRY--GEOGRAPHIC NAME
Geographic name Africa, Sub-Saharan
General subdivision History
Chronological subdivision 1884-1960
Form subdivision Sources.
Source of heading or term BUEsh
9 (RLIN) 40006
651 #7 - SUBJECT ADDED ENTRY--GEOGRAPHIC NAME
Geographic name Africa, Sub-Saharan
General subdivision Social conditions
Form subdivision Sources.
Source of heading or term BUEsh
9 (RLIN) 40005
653 ## - INDEX TERM--UNCONTROLLED
Resource For college BAEPS, Political Science
Arrived date list May2016
655 ## - INDEX TERM--GENRE/FORM
Form subdivision Reading book
700 1# - ADDED ENTRY--PERSONAL NAME
Personal name Jacobs, Nancy Joy,
Relator term editor of compilation,
-- writer of added commentary.
942 ## - ADDED ENTRY ELEMENTS (KOHA)
Source of classification or shelving scheme Dewey Decimal Classification
Koha item type Book - Borrowing
Holdings
Withdrawn status Lost status Source of classification or shelving scheme Damaged status Not for loan Collection code Home library Current library Shelving location Date acquired Source of acquisition Cost, normal purchase price Total Checkouts Total Renewals Full call number Barcode Date last seen Date checked out Cost, replacement price Price effective from Koha item type
    Dewey Decimal Classification     Alahram Central Library Central Library Second Floor 17/05/2016 Purchase 247.00 2 19 967.031 JAC 000032515 15/07/2025 26/03/2019 308.75 17/05/2016 Book - Borrowing